Xarachiwin tutunaku : (Record no. 210972)

MARC details
000 -CABECERA
campo de control de longitud fija 01116cam a22002897a 4500
003 - IDENTIFICADOR DEL NÚMERO DE CONTROL
campo de control MX-MxUPN
005 - FECHA Y HORA DE LA ÚLTIMA TRANSACCIÓN
campo de control 20240612173138.0
008 - ELEMENTOS DE LONGITUD FIJA--INFORMACIÓN GENERAL
campo de control de longitud fija 240212b1995 mx|a|||br|||| 000 0 nai d
020 ## - NÚMERO INTERNACIONAL NORMALIZADO PARA LIBROS
Número Internacional Estándar del Libro 968297864
040 ## - FUENTE DE LA CATALOGACIÓN
Centro catalogador/agencia de origen MX-MxUPN
Lengua de catalogación spa
050 #4 - SIGNATURA TOPOGRÁFICA DE LA BIBLIOTECA DEL CONGRESO
Número de clasificación LB1578.369 T674
Número de documento/Ítem X37 1995
100 1# - ASIENTO PRINCIPAL--NOMBRE PERSONAL
9 (RLIN) 47697
Nombre de persona Núñez García, Cristino
100 1# - ASIENTO PRINCIPAL--NOMBRE PERSONAL
9 (RLIN) 47698
Nombre de persona Vicente Vázquez, Constantino
100 1# - ASIENTO PRINCIPAL--NOMBRE PERSONAL
9 (RLIN) 47699
Nombre de persona Olarte Tiburcio, Alberto
100 1# - ASIENTO PRINCIPAL--NOMBRE PERSONAL
9 (RLIN) 47700
Nombre de persona Hernández Santes, Esteban
100 1# - ASIENTO PRINCIPAL--NOMBRE PERSONAL
9 (RLIN) 47701
Nombre de persona Hernández García, Epifanio
100 1# - ASIENTO PRINCIPAL--NOMBRE PERSONAL
9 (RLIN) 47702
Nombre de persona Pérez Olarte, Porfirio
100 1# - ASIENTO PRINCIPAL--NOMBRE PERSONAL
9 (RLIN) 47703
Nombre de persona Jiménez García, Rosalía
245 10 - MENCIÓN DE TÍTULO
Título Xarachiwin tutunaku :
Resto del título lengua totonaca veracruz : cuarto grado
260 ## - PUBLICACIÓN, DISTRIBUCIÓN, ETC.
Lugar de publicación, distribución, etc. México :
Nombre del editor, distribuidor, etc. Secretaría de Educación Pública, Dirección General de Educación Indígena,
Fecha de publicación, distribución, etc. 1995.
300 ## - DESCRIPCIÓN FÍSICA
Extensión 201 paginas :
Otras características físicas ilustraciones a color
650 #4 - ASIENTO SECUNDARIO DE MATERIA - TERMINO TEMATICO
9 (RLIN) 8375
Término de materia o nombre geográfico como elemento de entrada Cartilla totonaca
650 #4 - ASIENTO SECUNDARIO DE MATERIA - TERMINO TEMATICO
9 (RLIN) 25557
Término de materia o nombre geográfico como elemento de entrada Totonaco
Subdivisión general Estudio y enseñanza (Elemental)
650 #4 - ASIENTO SECUNDARIO DE MATERIA - TERMINO TEMATICO
9 (RLIN) 21179
Término de materia o nombre geográfico como elemento de entrada Indígenas de México
Subdivisión geográfica Veracruz
Subdivisión general Lenguas
902 ## - ELEMENTOS DE DATOS B LOCAL, LDB (RLIN)
Creó MarielOrtiz/120224
Modificó VíctorGodínez/120624
942 ## - ELEMENTOS DE PUNTO DE ACCESO ADICIONAL (KOHA)
Fuente del sistema de clasificación o colocación Library of Congress Classification
Tipo de ítem Koha Libro
Holdings
Estado de retiro Estado de pérdida Fuente del sistema de clasificación o colocación Estado dañado No para préstamo Código de colección Localización permanente Ubicación/localización actual Ubicación en estantería Fecha de adquisición Clasificación Código de barras Fecha visto por última vez Precio válido a partir de Tipo de ítem Koha
    Library of Congress Classification   Disponible (Préstamo en sala) Libros de texto gratuitos Bib. Gregorio Torres Quintero Bib. Gregorio Torres Quintero Colecciones especiales Planta alta 12/02/2024 LB1578.369 T674 X37 1995 338012 12/02/2024 12/02/2024 Libro